Countries from 'E' by Cuisine - Statistics

General Stats
  • This quiz has been taken 22 times
  • The average score is 6 of 8
Answer Stats
Picture Answer % Correct
Estonia
95%
Ecuador
90%
Eritrea/Ethiopia
90%
El Salvador
85%
Egypt
75%
East Timor
60%
Eswatini
60%
Equatorial Guinea
55%
No matching quizzes found
Score Distribution
Percent of People with Each Score
Percentile by Number Answered
Your Score History
You have not taken this quiz